000
00255nam a2200109Ia 4500
008
200302s9999 xx 000 0 und d
100
_a
Steen Eiler Rasmussen
245
_a
Towns and Buildings
260
_b
The Mit Press
260
_c
1997
300
_a
203 P.,
999
_c
5768
_d
5768